Normal view
MARC view
Entry Topical Term
001 - CONTROL NUMBER
- control field: 16522
003 - CONTROL NUMBER IDENTIFIER
- control field: BD-RjUL
005 - DATE AND TIME OF LATEST TRANSACTION
- control field: 20250809112822.0
008 - FIXED-LENGTH DATA ELEMENTS
- fixed length control field: 250809|| aca||aabn | a|a d
040 ## - CATALOGING SOURCE
- Original cataloging agency: BD-RjUL
- Transcribing agency: BD-RjUL
150 ## - HEADING--TOPICAL TERM
- Topical term or geographic name entry element: Girondists
- General subdivision: Fiction. [from old catalog]
670 ## - SOURCE DATA FOUND
- Source citation: Work cat.: (BD-RjUL)85476: Dumas, Alexandre, 1802-1870. 16516, Le chevalier de Maison Rouge /, [1928]